| 000 | 00738cam a22002533a 4500 | ||
|---|---|---|---|
| 001 | 15986 | ||
| 003 | PGUSA | ||
| 005 | 20140828083337.0 | ||
| 008 | 050604s2005||||xxu|||||s|||||000 1 eng d | ||
| 040 |
_aPGUSA _beng |
||
| 042 | _adc | ||
| 050 | 4 | _aPR | |
| 100 | 1 |
_aWaugh, Edwin, _d1817-1890 |
|
| 245 | 1 | 0 |
_aTh' Barrel Organ _h[electronic resource] / _cEdwin Waugh |
| 260 |
_bProject Gutenberg, _c2005 |
||
| 506 | _aPublic domain in the USA. | ||
| 516 | _aElectronic text | ||
| 653 | _aLancashire (England) -- Fiction | ||
| 653 | _aEnglish language -- Dialects -- England -- Lancashire -- Texts | ||
| 653 | _aShort stories | ||
| 830 | 0 |
_aProject Gutenberg _v15986 |
|
| 856 | 4 | 0 | _uhttp://www.gutenberg.org/ebooks/15986 |
| 942 | _cEB | ||
| 999 |
_c245241 _d245241 |
||